| 000 | 00603nam a22002057a 4500 | ||
|---|---|---|---|
| 005 | 20251108172751.0 | ||
| 008 | 250721s1990 xx 000 0 ara d | ||
| 082 | 1 | 4 | _aم/923.13/كفو |
| 100 | 1 |
_aكفوف، نجاة ثلجي سعد _eمؤلف |
|
| 245 | 1 | 0 | _aملوك بني عمون / |
| 264 | 1 |
_aعمان : _c1990. |
|
| 300 | _a250ص. | ||
| 500 | _a/رسائل الماجستير | ||
| 650 | 1 | 7 | _aالملوك والحكام |
| 650 | 1 | 7 | _aالحضارات القديمة |
| 650 | 1 | 7 | _aعلم الأثار |
| 650 | 1 | 7 | _aالآشوريون 605-933ق.م |
| 942 |
_2ddc _cBK |
||
| 999 |
_c87987 _d87987 |
||